Statistics for Planets and Moons of the Solar System

Click here to take the quiz!

General Stats

  • This quiz has been taken 2,192 times
  • The average score is 23 of 39

Answer Stats

HintAnswer% Correct
Earth
97%
Mercury
96%
Saturn
96%
Jupiter
95%
Mars
95%
Moon
95%
Venus
95%
Neptune
94%
Uranus
93%
Pluto
92%
Titan
83%
Io
81%
Europa
78%
Ganymede
74%
Phobos
72%
Deimos
67%
Callisto
66%
Ceres
66%
Triton
59%
Charon
57%
Eris
52%
Makemake
50%
Titania
45%
Enceladus
43%
Haumea
43%
Rhea
42%
Oberon
39%
Miranda
37%
Mimas
35%
Ariel
34%
Iapetus
34%
Umbriel
32%
Dione
31%
Nix
31%
Tethys
30%
Hydra
29%
Hyperion
28%
Phoebe
25%
Chariklo
11%

Score Distribution

Percentile by Number Answered

Percent of People with Each Score

Your Score History

You have not taken this quiz